Does Social Progress Explain the Dividend Payout Decision?

Skúmanie, či národný sociálny pokrok ovplyvňuje dividendovú politiku spoločností z celého sveta. S využitím veľkej databázy 12 312 spoločností zo 70 krajín za 7 rokov (2008 - 2014) presvedčivé dôkazy o tom, že sociálny pokrok je významný v súvislosti s dôležitými podnikovými rozhodnutiami o vyplácan...

Ausführliche Beschreibung

Gespeichert in:
Bibliographische Detailangaben
1. Verfasser: Yaseen, Hanaan
Format: Buchkapitel
Sprache:Englisch
Schlagworte:
Tags: Tag hinzufügen
Keine Tags, Fügen Sie das erste Tag hinzu!

MARC

LEADER 00000naa a2200000 4500
001 0272784
005 20210331110155.4
041 0 |a eng 
044 |a CZ 
245 1 0 |a Does Social Progress Explain the Dividend Payout Decision?  |c Hanaan Yaseen 
520 |a Skúmanie, či národný sociálny pokrok ovplyvňuje dividendovú politiku spoločností z celého sveta. S využitím veľkej databázy 12 312 spoločností zo 70 krajín za 7 rokov (2008 - 2014) presvedčivé dôkazy o tom, že sociálny pokrok je významný v súvislosti s dôležitými podnikovými rozhodnutiami o vyplácaní dividend. Politika vyplácania dividend sa vysvetľuje sociálnym pokrokom krajiny, v ktorej spoločnosť pôsobí. 
610 2 0 |a pokrok 
610 2 0 |a dividendy 
610 2 0 |a politika dividendová 
610 2 0 |a produkt národný hrubý 
610 2 0 |a výkonnosť ekonomiky 
100 1 |a Yaseen, Hanaan